00422nam a2200145Ia 4500003000900000008004100009040001600050080002100066100002300087245006700110260003700177300000900214650004100223650001200264IN-BaIIA211028s9999 xx 000 0 eng d cIIA Library a551.583(73)bMOO aGarriott Edward B. 0aCold waves and frosts in the United StatescEdward B. Garriott aWashingtonbWeather Bureauc1906 a22p. aAstronomy and Astrophysics Thesaurus aWeather